书目信息 |
| 题名: |
高绩效管理
|
|
| 作者: | 林健 , 陈韵棋 编著 | |
| 分册: | ||
| 出版信息: | 北京 北京大学出版社 2024.07 |
|
| 页数: | 18,202页 | |
| 开本: | 24cm | |
| 丛书名: | ||
| 单 册: | ||
| 中图分类: | F272.5 | |
| 科图分类: | ||
| 主题词: | 企业绩效--企业管理--案例 | |
| 电子资源: | ||
| ISBN: | 978-7-301-35039-3 | |
| 000 | 00983nam0 2200241 450 | |
| 001 | 013080040 | |
| 005 | 20251022172931.84 | |
| 010 | @a978-7-301-35039-3@dCNY79.00 | |
| 100 | @a20240816d2024 em y0chiy0120 ea | |
| 101 | 0 | @achi |
| 102 | @aCN@b110000 | |
| 105 | @aa z 000yy | |
| 106 | @ar | |
| 200 | 1 | @a高绩效管理@9gao ji xiao guan li@e4-D系统项目实践与案例解析@f林健,陈韵棋编著 |
| 210 | @a北京@c北京大学出版社@d2024.07 | |
| 215 | @a18,202页@c图@d24cm | |
| 330 | @a本书共3章内容。第一章解读4-D系统,让读者能快速了解并掌握4-D系统的核心知识和部分操作流程;第二章通过企业应用案例解析,展示了4-D系统在团队管理、销售业绩提升、抗压能力建设、大项目逆袭、公司文化建设、创业团队共创、个人创业方面的赋能作用;第三章解析了4-D系统在亲子教育和个人成长方面的赋能作用。 | |
| 606 | 0 | @a企业绩效@x企业管理@x案例 |
| 690 | @aF272.5@v5 | |
| 701 | 0 | @a林健@9lin jian@4编著 |
| 701 | 0 | @a陈韵棋@9chen yun qi@4编著 |
| 801 | 0 | @aCN@c20250905 |
| 905 | @a河南城建学院图书馆@dF272.5@eL505@ZL505@f1 | |
| 高绩效管理:4-D系统项目实践与案例解析/林健,陈韵棋编著.-北京:北京大学出版社,2024.07 |
| 18,202页:图;24cm |
| ISBN 978-7-301-35039-3:CNY79.00 |
| 本书共3章内容。第一章解读4-D系统,让读者能快速了解并掌握4-D系统的核心知识和部分操作流程;第二章通过企业应用案例解析,展示了4-D系统在团队管理、销售业绩提升、抗压能力建设、大项目逆袭、公司文化建设、创业团队共创、个人创业方面的赋能作用;第三章解析了4-D系统在亲子教育和个人成长方面的赋能作用。 |
| ● |
| 相关链接 |
|
|
|
正题名:高绩效管理
索取号:F272.5/L505
 
预约/预借
| 序号 | 登录号 | 条形码 | 馆藏地/架位号 | 状态 | 备注 |
| 1 | 1631453 | 216314539 | 社科库409/409社科库 88排1列3层/ [索取号:F272.5/L505] | 在馆 |